01086nab a22002297a 4500003000400000005001700004008004100021040000700062100003000069245007300099260007300172300001300245500004400258505024200302505009000544650002900634650002000663650001400683650001300697650001400710773013200724OSt20251123204039.0190603e xxum|||| |||| 00| 0 spa d cPJ aRoveda, Eduardo Guillermo10aResponsabilidad parental y padres por afinidad /cEduardo G. Roveda. cCiudad Autónoma de Buenos Aires :aThomson Reuters La Ley, b2025. ap. 44-51 aCita Online: TR LALEY AR/DOC/428/2025.  aSumario: I. Introducción.— II. Concepto.— III. Deberes y derechos del progenitor afín.— IV. La delegación del ejercicio de la responsabilidad parental a favor del progenitor afín.— V. Ejercicio conjunto.— VI. Alimentos. t¿Te interesa el texto completo? Solicitalo al correo: koha@justierradelfuego.gov.ar  0aRESPONSABILIDAD PARENTAL 0aPROGENITOR AFIN 0aCÓNYUGE 0aDIVORCIO 0aALIMENTOS0 02713dCiudad Autónoma de Buenos Aires : Thomson Reuters La Ley, 2015-tRevista Código Civil y Comercial. Nº 2 - Abril 2025